Исследование механических свойств конструкционных пластмасс; Новые материалы. Создание, структура, свойства - 2008

Bibliographische Detailangaben
Parent link:Новые материалы. Создание, структура, свойства - 2008.— 2008.— С. 205-207
1. Verfasser: Ламанов В. В.
Sprache:Russisch
Veröffentlicht: 2008
Schlagworte:
Format: MixedMaterials Buchkapitel
KOHA link:https://koha.lib.tpu.ru/cgi-bin/koha/opac-detail.pl?biblionumber=156917

MARC

LEADER 00000naa2a2200000 4500
001 156917
005 20231031153436.0
035 |a (RuTPU)RU\TPU\book\170169 
090 |a 156917 
100 |a 20090401d2008 k y0rusy50 ca 
101 0 |a rus 
102 |a RU 
200 1 |a Исследование механических свойств конструкционных пластмасс  |f В. В. Ламанов 
320 |a Библиогр.: 3 назв. 
463 0 |0 (RuTPU)RU\TPU\book\158722  |t Новые материалы. Создание, структура, свойства - 2008  |o труды  |o VIII Всероссийская школа-семинар с международным участием, 9-10 июня 2009 г., г. Томск  |f Томский политехнический университет (ТПУ) ; Российская академия наук (РАН), Сибирское отделение (СО), Институт физики прочности и материаловедения (ИФПМ)  |v С. 205-207  |d 2008  |p 232 с. 
610 1 |a пластмассы 
610 1 |a конструкционные пластмассы 
610 1 |a механические свойства 
610 1 |a полимеры 
610 1 |a сверхвысокомолекулярный полиэтилен 
610 1 |a труды учёных ТПУ 
700 1 |a Ламанов  |b В. В. 
801 1 |a RU  |b 63413507  |c 20090401  |g PSBO 
942 |c BK